Estudio de competitividad del sector turismo / (Registro nro. 12500)
[ vista simple ]
| 000 -LEADER | |
|---|---|
| fixed length control field | 00956nam a2200205Ia 4500 |
| 003 - CONTROL NUMBER IDENTIFIER | |
| control field | OSt |
| 005 - DATE AND TIME OF LATEST TRANSACTION | |
| control field | 20210923092850.0 |
| 008 - FIXED-LENGTH DATA ELEMENTS--GENERAL INFORMATION | |
| fixed length control field | 210310s1997 ck ad gr 000 0 spa d |
| 040 ## - CATALOGING SOURCE | |
| Original cataloging agency | CO-JMCR |
| Transcribing agency | CO-JMCR |
| 041 0# - LANGUAGE CODE | |
| Language code of text/sound track or separate title | spa |
| 082 04 - DEWEY DECIMAL CLASSIFICATION NUMBER | |
| Classification number | 338.4791 / |
| Item number | M352e |
| Edition number | 23 |
| 110 2# - MAIN ENTRY--CORPORATE NAME | |
| Corporate name or jurisdiction name as entry element | Colombia. |
| Subordinate unit | Ministerio de Desarrollo Económico |
| 9 (RLIN) | 8456 |
| 245 10 - TITLE STATEMENT | |
| Title | Estudio de competitividad del sector turismo / |
| Statement of responsibility, etc. | Ministerio de Desarrollo Económico |
| 260 ## - PUBLICATION, DISTRIBUTION, ETC. | |
| Place of publication, distribution, etc. | Bogotá : |
| Name of publisher, distributor, etc. | Imprenta Nacional de Colombia, |
| Date of publication, distribution, etc. | 1997. |
| 300 ## - PHYSICAL DESCRIPTION | |
| Extent | 3 volúmenes : |
| Other physical details | ilustraciones y gráficas en blanco y negro ; |
| Dimensions | 28 cm. |
| 505 0# - FORMATTED CONTENTS NOTE | |
| Miscellaneous information | v.1 / |
| Title | Aspectos metodológicos: turismo receptivo e identificación de Clusters. -- Clusters turístico- vacacionales. |
| Miscellaneous information | v.2 / |
| Title | Clusters difusos. -- Clusters a partir de grandes ciudades. |
| Miscellaneous information | v.3 / |
| Title | Visión del mercado externo. -- Plan de acción estratégico. |
| 650 14 - SUBJECT ADDED ENTRY--TOPICAL TERM | |
| Topical term or geographic name entry element | Turismo |
| Geographic subdivision | Colombia. |
| 9 (RLIN) | 40736 |
| 650 24 - SUBJECT ADDED ENTRY--TOPICAL TERM | |
| Topical term or geographic name entry element | Comercio Turístico. |
| 9 (RLIN) | 40737 |
| 942 ## - ADDED ENTRY ELEMENTS (KOHA) | |
| Source of classification or shelving scheme | Dewey Decimal Classification |
| Koha item type | Books |
| Withdrawn status | Lost status | Source of classification or shelving scheme | Damaged status | Not for loan | Home library | Current library | Shelving location | Date acquired | Source of acquisition | Full call number | Barcode | Date last seen | Copy number | Price effective from | Koha item type | Total Checkouts |
|---|---|---|---|---|---|---|---|---|---|---|---|---|---|---|---|---|
| Dewey Decimal Classification | Biblioteca Pública José María del Castillo y Rada | Biblioteca Pública José María del Castillo y Rada | General Stacks | 04/15/2018 | Donación | 338.4791 / M352e | 430005500 | 05/16/2024 | v.1 / Ej.1 | 03/10/2021 | Books | |||||
| Dewey Decimal Classification | Biblioteca Pública José María del Castillo y Rada | Biblioteca Pública José María del Castillo y Rada | General Stacks | 04/15/2018 | Donación | 338.4791 / M352e | 430013214 | 05/16/2024 | v.2 / Ej.1 | 03/10/2021 | Books | |||||
| Dewey Decimal Classification | Biblioteca Pública José María del Castillo y Rada | Biblioteca Pública José María del Castillo y Rada | General Stacks | 04/15/2018 | Donación | 338.4791 / M352e | 430005499 | 05/16/2024 | v.3 / Ej.1 | 03/10/2021 | Books |